00512nam a2200133Ia 4500020001500000082002300015100001900038245016600057260004200223300001500265504003500280650002800315650003500343 a817211414X a338.04095483 JOS-E aJoseph, Shally 0aEntrepreneurs of Kerala: a study on the socio-psychological background of the entrepreneur-managers of small-scale industrial units in Ernakulam district, Kerala aNew DelhibNorthern Book Centrec2003 axiii,130p. aInclude bibliography and index aKeralavEconomic policy aSmall scale industrieszKerala